| 000 | 00930nam a22001937a 4500 | ||
|---|---|---|---|
| 005 | 20240814173814.0 | ||
| 008 | s2523 th tha d | ||
| 041 | _atha | ||
| 245 | 1 | 0 | _aคำวินิจฉัยของคณะกรรมการวินิจฉัยร้องทุกข์ พ.ศ. 2523 เล่มที่ 1 คำวินิจฉัยฯ ที่ 1-11 |
| 260 | 3 |
_aกรุงเทพฯ : _bสำนักงานคณะกรรมการกฤษฎีกา, _c2523 |
|
| 300 | _a1 เล่ม | ||
| 650 | 0 | 4 | _aการร้องทุกข์ -- การวินิจฉัย |
| 650 | 0 | 4 | _aคณะกรรมการวินิจฉัยร้องทุกข์ -- การวินิจฉัย |
| 850 | _aNALT | ||
| 942 | _cREF | ||
| 997 | _c000000000015700 | ||
| 998 |
_aSANG-AROON ANU-KRAUGH _j25 _k นีลวัสน์ อินทรักษา |
||
| 999 |
_c15700 _d15700 |
||
| 090 | _aKA82 ค121ค 2523 ล.1 | ||